书目信息 |
| 题名: |
灾害事故现场急救
|
|
| 作者: | 岳茂兴 主编 | |
| 分册: | ||
| 出版信息: | 北京 化学工业出版社 2006 |
|
| 页数: | 386页 | |
| 开本: | 21cm | |
| 丛书名: | ||
| 单 册: | ||
| 中图分类: | R459.7 | |
| 科图分类: | ||
| 主题词: | 灾害--急救 , 伤亡事故--急救 , 灾害 , 急救 , 伤亡事故 | |
| 电子资源: | ||
| ISBN: | 7-5025-9169-9 | |
| 000 | 00976nam0 2200301 450 | |
| 001 | 200805000431 | |
| 005 | 20070208151353.0 | |
| 010 | @a7-5025-9169-9@dCNY29.00 | |
| 035 | @a003287271 | |
| 100 | @a20060210d2006 em y0chiy0110 ea | |
| 101 | 0 | @achi |
| 102 | @aCN@b110000 | |
| 105 | @aa z 000yy | |
| 106 | @ar | |
| 200 | 1 | @a灾害事故现场急救@Azai hai shi gu xian chang ji jiu@f岳茂兴主编 |
| 210 | @a北京@c化学工业出版社@d2006 | |
| 215 | @a386页@c图@d21cm | |
| 304 | @a中国中西医结合学会灾害医学专业委员会组织编写 | |
| 330 | @a本书共十五章,全面详细地阐述了与突发事故医疗急救相关的多学科知识。内容包括灾害事故现场医疗急救概述,灾害事故救援的组织与管理,灾害事故现场急救技术,突发传染病急救等等。 | |
| 606 | 0 | @a灾害@x急救 |
| 606 | 0 | @a伤亡事故@x急救 |
| 606 | 0 | @a灾害 |
| 606 | 0 | @a急救 |
| 606 | 0 | @a伤亡事故 |
| 690 | @aR459.7@v4 | |
| 701 | 0 | @a岳茂兴@Ayue mao xing@c(1944.11~)@4主编 |
| 801 | 0 | @aCN@c20070209 |
| 905 | @b20654387-88@dR459.7@eY950 | |
| 灾害事故现场急救/岳茂兴主编.-北京:化学工业出版社,2006 |
| 386页:图;21cm |
| ISBN 7-5025-9169-9:CNY29.00 |
| 本书共十五章,全面详细地阐述了与突发事故医疗急救相关的多学科知识。内容包括灾害事故现场医疗急救概述,灾害事故救援的组织与管理,灾害事故现场急救技术,突发传染病急救等等。 |
| ● |
| 相关链接 |
|
|
|
正题名:灾害事故现场急救
索取号:R459.7/Y950
 
预约/预借
| 序号 | 登录号 | 条形码 | 馆藏地/架位号 | 状态 | 备注 |
| 1 | 654387 | 206543873 | 自科库401/401自科库 17排2列4层/ [索取号:R459.7/Y950] | 在馆 | |
| 2 | 654388 | 206543882 | 自科库401/401自科库 17排2列4层/ [索取号:R459.7/Y950] | 在馆 |